La dottrina dei dodici apostoli (Didachè) / (Record n. 357815)

Dettagli MARC
000 -LEADER
fixed length control field 01491nam a2200313 a 4500
001 - CONTROL NUMBER
control field 000000377264
003 - CONTROL NUMBER IDENTIFIER
control field IT-MiSPE
005 - DATE AND TIME OF LATEST TRANSACTION
control field 20180504173021.0
008 - FIXED-LENGTH DATA ELEMENTS--GENERAL INFORMATION
fixed length control field 091123s2009 it 001 0 ita d
020 ## - INTERNATIONAL STANDARD BOOK NUMBER
International Standard Book Number 9788870946369
040 ## - CATALOGING SOURCE
Original cataloging agency IT-MiSPE
Language of cataloging ita
Modifying agency ip
Transcribing agency IT-MiSPE
041 1# - LANGUAGE CODE
Language code of text/sound track or separate title ita
-- grc
130 0# - MAIN ENTRY--UNIFORM TITLE
Uniform title Didachè.
Language of a work Greco e italiano.
9 (RLIN) 56906
245 13 - TITLE STATEMENT
Title La dottrina dei dodici apostoli (Didachè) /
Statement of responsibility, etc. introduzione, testo critico, traduzione, note, appendici e indici di Willy Rordorf e andré Tuilier ; traduzione italiana di Maria Benedetta Artioli.
250 ## - EDITION STATEMENT
Edition statement 2a ed. rivista e aumentata
260 ## - PUBLICATION, DISTRIBUTION, ETC. (IMPRINT)
Place of publication, distribution, etc. Roma :
Name of publisher, distributor, etc. Edizioni San Clemente ;
Place of publication, distribution, etc. Bologna :
Name of publisher, distributor, etc. Edizioni Studio Domenicano,
Date of publication, distribution, etc. 2009.
300 ## - PHYSICAL DESCRIPTION
Extent 301 p. ;
Dimensions 20 cm
490 1# - SERIES STATEMENT
Series statement Sources chrétiennes.
-- Edizione italiana ;
Volume/sequential designation 006
500 ## - GENERAL NOTE
General note Traduzione italiana con testo greco a fronte
504 ## - BIBLIOGRAPHY, ETC. NOTE
Bibliography, etc Bibliografia (p. 183-200) e indici
655 #7 - INDEX TERM--GENRE/FORM
Genre/form data or focus term Patrologia greca
General subdivision Padri apostolici
-- Simboli - Clemens PP. I, s., ca.30-ca.101 - Ignatius Antiochenus, s., ca.35-ca.108 - Polycarpus Smirnensis, s., ca.70-ca.156 - Hermas, sec. II - Papias Hierapolitanus, s., sec. II - Didachè - Lettera di Barnaba.
Source of term local
9 (RLIN) 56823
700 1# - ADDED ENTRY--PERSONAL NAME
Personal name Tuilier, André,
Relator term ed.
9 (RLIN) 56907
700 1# - ADDED ENTRY--PERSONAL NAME
Personal name Artioli, Maria Benedetta,
Relator term tr.
9 (RLIN) 56908
700 1# - ADDED ENTRY--PERSONAL NAME
Personal name Rordorf, Willy,
Dates associated with a name 1933-,
Relator term ed.
9 (RLIN) 56909
830 #0 - SERIES ADDED ENTRY--UNIFORM TITLE
Uniform title Sources chrétiennes.
Name of part/section of a work Edizione italiana ;
Volume number/sequential designation 006.
9 (RLIN) 56910
942 ## - ADDED ENTRY ELEMENTS (KOHA)
Source of classification or shelving scheme Dewey Decimal Classification
Koha item type LIBRO
Dati di copia
Withdrawn status Lost status Source of classification or shelving scheme Damaged status Not for loan Home library Current library Date acquired Total Checkouts Full call number Barcode Date last seen Price effective from Koha item type
    Dewey Decimal Classification Buone Condizioni Not For Loan CINISELLO CINISELLO 04/05/2018   270.008-SCh.it DID 9788870946369 04/05/2018 04/05/2018 LIBRO
CREDITS: SOCIETA' SAN PAOLO Via A.Severo, 58 - ROMA (RM) & PERIODICI SAN PAOLO SRL Via Giotto, 36 MILANO & CISF Via Giotto, 36 MILANO & EDIZIONI SAN PAOLO SRL,  Piazza Soncino, 5 CINISELLO BALSAMO (MI) -- ITALY